00711 2200229 4500001002100000005001500021007000300036008004100039035002000080082002400100084003000124100002000154245007900174260006900253300002600322520002400348650001600372650002000388700001500408856003400423990002400457INLIS00000000000828220260427102455ta260427 0 ind  a0010-0426000131 a633.73:338.43:637.1 a633.73:338.43:637.1 ROS b0 aROSMAHANI, Luki1 aBioindustri Untuk Pengembangan TTP Trenggalek Berbasis Kopi Dan Sapi Perah aMalang :bBalai Pengkajian Teknologi Pertanian Jawa Timur,c2017 a24p. :bIlus ;c29 cm aLaporan Akhir Tahun 4aBioindustri 4aKopi-Sapi Perah0 aSuyamto H. aPerpustakaan BBRMP Jawa Timur a423/2026/BBRMPJATIM